000 00319pam a2200133 a 4500
020 _c
041 _h
082 _a686.22
_bMES
100 _aLaura Mesequer .
245 _aTypo Mag Typography Magazine
_hTextual Documents
260 _a[s.l]:
_bPage one Publishing ,
_c2010.
300 _a191:
_bpaper.
930 _a6147
999 _c239937
_d239937